00617nam a2200193Ia 4500008004100000020001500041082001500056100002700071245004000098250000700138260003400145300002700179500001900206600002700225650001500252942000700267952013400274999001500408240925s9999 xx 000 0 und d a9694071771 a621.31 HAS aHasan ,Muhammad Munir 0aFundamentals of Alternating Current aNA aKarachi:bRoyal Booksc,1995. aix,235p.bNAfOriginal aIncludes Index aElectronic Engineering aTechnology cBK 011440708ELaUITUbUITUd1996-06-27eParamount Book Pvt Ltdg150.00l0o621.31 HASpQ0735r2024-09-25 07:12:11w2024-09-25yBK c3234d3234